Multiple Choice City Quiz – Atlanta - Statistics

General Stats
  • This quiz has been taken 10,911 times
    10,900 since last reset
  • The average score is 7 of 10
Answer Stats
Question Answer % Correct
Which of these statements about Atlanta is true? It has the busiest airport in the world
84%
What beverage was created in Atlanta by John Pemberton? Coca-Cola
79%
Which of these people was born in Atlanta? Martin Luther King Jr.
78%
When did Atlanta host the Summer Olympics? 1996
77%
What tycoon owned the Atlanta Braves, founded CNN, married Jane Fonda, and gave $1 billion to the United Nations? Ted Turner
71%
What is the main thoroughfare that runs through Atlanta? Peachtree Street
62%
Which of these popular hip hop groups is from Atlanta? Outkast
58%
During the Civil War, who burned Atlanta on his March to the Sea? William Tecumseh Sherman
56%
Which of these movies takes place in Atlanta? Gone With the Wind
50%
What is a common nickname of Atlanta? The City in the Forest
40%
No matching quizzes found
Score Distribution
Percent of People with Each Score
Percentile by Number Answered
Your Score History
You have not taken this quiz since the last reset